|
|
|
|
| LEADER |
00987naa a2200229 i 4500 |
| 001 |
acta45916 |
| 005 |
20230608085953.0 |
| 008 |
170622s1978 hu o 1|| hun d |
| 040 |
|
|
|a SZTE Egyetemi Kiadványok Repozitórium
|b hun
|
| 041 |
|
|
|a hun
|
| 100 |
1 |
|
|a Csernay László
|
| 245 |
1 |
0 |
|a Kerekasztal-megbeszélés
|h [elektronikus dokumentum] /
|c Csernay László
|
| 260 |
|
|
|c 1978
|
| 300 |
|
|
|a 345-347
|
| 490 |
0 |
|
|a Számítástechnikai és kibernetikai módszerek alkalmazása az orvostudományban és a biológiában
|v 8
|
| 650 |
|
4 |
|a Természettudományok
|
| 650 |
|
4 |
|a Számítás- és információtudomány
|
| 650 |
|
4 |
|a Orvos- és egészségtudomány
|
| 650 |
|
4 |
|a Egészségtudományok
|
| 695 |
|
|
|a Konferencia - megnyitó beszéd
|
| 711 |
|
|
|a Számítástechnikai és kibernetikai módszerek alkalmazása az orvostudományban és a biológiában
|c Szeged
|d 1977. december 5-7.
|
| 856 |
4 |
0 |
|u http://acta.bibl.u-szeged.hu/45916/1/szamtech_orvost_koll_008_345-347.pdf
|z Dokumentum-elérés
|